书目信息 |
| 题名: |
强国之道
|
|
| 作者: | 理纯 著 | |
| 分册: | ||
| 出版信息: | 北京 中国商业出版社 2006 |
|
| 页数: | 176 | |
| 开本: | 18cm | |
| 丛书名: | ||
| 单 册: | ||
| 中图分类: | D569 | |
| 科图分类: | ||
| 主题词: | 国际政治 | |
| 电子资源: | ||
| ISBN: | 7-5044-5751-5 | |
| 000 | 00479nam0 2200181 450 | |
| 001 | 0760515518 | |
| 005 | 20070817164835.51 | |
| 010 | @a7-5044-5751-5@d¥22.00 | |
| 100 | @a20070817d km y0chiy0120 ea | |
| 101 | 0 | @achi |
| 200 | 1 | @a强国之道@Aqiang guo zhi dao@f理纯著@Fli chun zhu |
| 210 | @a北京@c中国商业出版社@d2006 | |
| 215 | @a176@d18cm | |
| 606 | 0 | @a国际政治 |
| 690 | @aD569@v3 | |
| 701 | 0 | @a理纯@Ali chun@4著 |
| 801 | 0 | @aCN@bPFT@c20070817 |
| 905 | @a213230@dD569@eg19@f1 | |
| 强国之道/理纯著.-北京:中国商业出版社,2006 |
| 176;18cm |
| ISBN 7-5044-5751-5:¥22.00 |
| ● |
| 相关链接 |
|
|
|
|
正题名:强国之道
索取号:D569/g19
 
预约/预借
| 序号 | 登录号 | 条形码 | 馆藏地/架位号 | 状态 | 备注 |
| 1 | 6502852 | 265028524 | 密集书库-海洋学院/ [索取号:D569/g19] | 在馆 | |
| 2 | 6502853 | 265028533 | 密集书库-海洋学院/ [索取号:D569/g19] | 在馆 |